000 00252nam a22001217a 4500
003 SGT
082 _a617.51
_bT86S
100 _aSTROHM, M.
245 _aTRAUMA OF THE MIDDLE EAR
260 _aLONDON
_bKARGER
_c1986
300 _a254
942 _2ddc
_cBK
999 _c14874
_d14874